• 首页
  • 本馆介绍
  • 公告通知
  • 最新文献
  • 馆藏检索
  • 电子资源
  • 读者导购
  • 参考咨询
  • 我的图书馆
  • 登录
  • 详细信息显示
  • 放入我的书架
  • 预约/预借图书
  • 作者相关作品
  • 分类相关作品
  • 丛书相关作品
  • 出版社相关作品

书目信息

  • 表格格式
  • 工作单格式
  • 卡片格式
题名:
市场调研
    
 
作者: 施大德 编著
分册:  
出版信息: 长春   吉林教育出版社  2001
页数: 332页
开本: 20cm
丛书名:
单 册:
中图分类: F713.52
科图分类:
主题词: 商业经济--国内
电子资源:
ISBN: 7-5383-1849-6
000 00592nam0 2200205 450
001 0751608048
005 20070721151401.76
010    @a7-5383-1849-6@dCNY15.00
100    @a20070719d2001 km y0chiy0120 ea
101 0  @achi
102    @aCN@b220000
200 1  @a市场调研@Ashi chang diao yan@e基础与实务@f施大德编著@Fshi da de bian zhu
210    @a长春@c吉林教育出版社@d2001
215    @a332页@d20cm
517 1  @a基础与实务@Aji chu yu shi wu
606 0  @a商业经济@x国内
690    @aF713.52@v3
701  0 @a施大德@Ashi da de@4编著
801  0 @aCN@bPFT@c20070721
905    @a10447@dF713.52@e372
    
    市场调研:基础与实务/施大德编著.-长春:吉林教育出版社,2001
    332页;20cm
    
    
    ISBN 7-5383-1849-6:CNY15.00
    
●
相关链接 在E读中查询图书 在五车中查询图书 在当当中查询图书 在豆瓣中查询图书


正题名:市场调研     索取号:F713.52/372         预约/预借

序号 登录号 条形码 馆藏地/架位号 状态 备注
1 0767649   207676497   第一样本阅览室/ [索取号:F713.52/372] 在馆    
唐山师范学院图书馆 欢迎您!
大连网信软件有限公司© 版权所有